[Event "RSA-ch U12"]
[Site "Gauteng"]
[Date "2017.04.09"]
[Round "8"]
[White "Nair, Mayaskar"]
[Black "Grobler, Zandre"]
[Result "1/2-1/2"]
[WhiteElo "1129"]
[BlackElo "1126"]
[PlyCount "73"]
[EventDate "2017.04.05"]
[EventType "swiss"]
[EventRounds "11"]
[EventCountry "RSA"]
[SourceTitle "CBM 177 Extra"]
[Source "ChessBase"]
[SourceDate "2017.04.27"]
[SourceVersion "1"]
[SourceVersionDate "2017.04.27"]
[SourceQuality "1"]

1. e4 c5 2. Nc3 d6 3. d4 cxd4 4. Qxd4 a6 5. Nf3 Nc6 6. Qa4 Bd7 7. Qb3 Rb8 8. Be3 Nf6 9. 0-0-0 e5 10. Bg5 h6 11. Bxf6 Qxf6 12. Nd5 Qd8 13. Nd2 Be6 14. Bc4 Na5 15. Qd3 Nxc4 16. Nxc4 Bxd5 17. Qxd5 Qg5+ 18. Qd2 Qxg2 19. Nxd6+ Bxd6 20. Qxd6 Qg5+ 21. Qd2 Qxd2+ 22. Rxd2 Rd8 23. Rxd8+ Kxd8 24. Rg1 g6 25. Rd1+ Ke7 26. Rd3 Rd8 27. Rb3 Rd7 28. Rb6 h5 29. a4 Kf8 30. b4 Kg7 31. b5 axb5 32. axb5 Kh6 33. h4 Re7 34. Kd2 Kg7 35. Ke3 f6 36. f4 exf4+ 37. Kxf4 1/2-1/2

[Event "RSA-ch U12"]
[Site "Gauteng"]
[Date "2017.04.07"]
[Round "4"]
[White "Grobler, Zandre"]
[Black "Nevin, Tyler"]
[Result "0-1"]
[WhiteElo "1126"]
[BlackElo "1117"]
[PlyCount "45"]
[EventDate "2017.04.05"]
[EventType "swiss"]
[EventRounds "11"]
[EventCountry "RSA"]
[SourceTitle "CBM 177 Extra"]
[Source "ChessBase"]
[SourceDate "2017.04.27"]
[SourceVersion "1"]
[SourceVersionDate "2017.04.27"]
[SourceQuality "1"]

1. e4 e5 2. Nf3 Nf6 3. Nxe5 Nxe4 4. Nf3 Nf6 5. d4 d5 6. Nc3 Bb4 7. a3 Bxc3+ 8. bxc3 Nc6 9. c4 0-0 10. Be3 Re8 11. Be2 Bg4 12. cxd5 Nxd5 13. Qd2 Bxf3 14. gxf3 Nxe3 15. fxe3 Qe7 16. e4 Rad8 17. d5 Qe5 18. Rb1 Nd4 19. Qc3 Rxd5 20. Rxb7 Rc5 21. Qd2 Rxc2 22. Qd1 Rxe2+ 23. Kf1 0-1